Délmagyarország. - 2001. február 7., Szerda
Elmentve itt :
| Dokumentumtípus: | Újság |
|---|---|
| Megjelent: |
2001-02-07
|
| Sorozat: | Délmagyarország
91 No. 32 |
| Online Access: | http://dmarchiv.bibl.u-szeged.hu/27481 |
| LEADER | 00487nas a2200145 i 4500 | ||
|---|---|---|---|
| 001 | delm27481 | ||
| 005 | 20200415084740.0 | ||
| 008 | 171218s2001 hu n o 0|| hun d | ||
| 022 | |a 0133-025X | ||
| 040 | |a SZTE Délmagyarország Archívum |b hun | ||
| 041 | |a hun | ||
| 245 | 0 | 0 | |a Délmagyarország. - 2001. február 7., Szerda |h [elektronikus dokumentum] |
| 260 | |c 2001-02-07 | ||
| 490 | 0 | |a Délmagyarország |v 91 No. 32 | |
| 856 | 4 | 0 | |u http://dmarchiv.bibl.u-szeged.hu/27481/1/dm_2001_032.pdf |z Dokumentum-elérés |